Glossari de termes sobre magnituds i unitats en les ciències de laboratori clínic (Registre núm. 56148)
[ vista simple ]
| 000 -LEADER | |
|---|---|
| campo de control de longitud fija | 01072aam a2200397a 44500 |
| 008 - DATOS DE LONGITUD FIJA--INFORMACIÓN GENERAL | |
| campo de control de longitud fija | 980127s1996 cat |
| 017 ## - NÚMERO DE COPYRIGHT O DE DEPÓSITO LEGAL | |
| Número de copyright o de depósito legal | B-46487-1996 |
| 041 ## - CÓDIGO DE IDIOMA | |
| Código de lengua del texto/banda sonora o título independiente | cat |
| 080 ## - NÚMERO DE LA CLASIFICACIÓN DECIMAL UNIVERSAL | |
| Número de la Clasificación Decimal Universal | 57.081(038) |
| 100 ## - ENTRADA PRINCIPAL--NOMBRE DE PERSONA | |
| Nombre de persona | Lehmann, H.P. |
| 9 (RLIN) | 67315 |
| 245 ## - MENCIÓN DEL TÍTULO | |
| Título | Glossari de termes sobre magnituds i unitats en les ciències de laboratori clínic |
| 245 ## - MENCIÓN DEL TÍTULO | |
| Mención de responsabilidad, etc. | H.P Lehmann |
| 245 ## - MENCIÓN DEL TÍTULO | |
| Mención de responsabilidad, etc. | L.F Bertello |
| 245 ## - MENCIÓN DEL TÍTULO | |
| Mención de responsabilidad, etc. | X. Fuentes i Arderiu |
| 260 ## - PUBLICACIÓN, DISTRIBUCIÓN, ETC. | |
| Lugar de publicación, distribución, etc. | [S.l.] |
| 260 ## - PUBLICACIÓN, DISTRIBUCIÓN, ETC. | |
| Nombre del editor, distribuidor, etc. | Associació Catalana de Ciències de Laboratori Clínic |
| 260 ## - PUBLICACIÓN, DISTRIBUCIÓN, ETC. | |
| Fecha de publicación, distribución, etc. | 1996 |
| 300 ## - DESCRIPCIÓN FÍSICA | |
| Extensión | 88 p. |
| Dimensiones | 21 cm |
| 500 ## - NOTA GENERAL | |
| Nota general | Notes, exemples |
| 520 ## - RESUMEN, ETC. | |
| Nombre de termes | aprox. 300 |
| 546 ## - NOTA DE IDIOMA | |
| Llengua de les definicions | català |
| 591 ## - Codi de font | |
| Codi de font | 5253 |
| 592 ## - Tipus obra | |
| Tipus d'obra | Obra terminològica |
| 593 ## - Codi CGAT | |
| Codi de la CGAT | ETC |
| 593 ## - Codi CGAT | |
| Codi de la CGAT | EU |
| 594 ## - Número de document | |
| Número de document | 5253 |
| 650 ## - PUNTO DE ACCESO ADICIONAL DE MATERIA--TÉRMINO DE MATERIA | |
| Término de materia o nombre geográfico como elemento de entrada | laboratori clínic |
| 9 (RLIN) | 61674 |
| 650 ## - PUNTO DE ACCESO ADICIONAL DE MATERIA--TÉRMINO DE MATERIA | |
| Término de materia o nombre geográfico como elemento de entrada | recerca clínica |
| 9 (RLIN) | 67320 |
| 700 ## - ENTRADA AGREGADA--NOMBRE PERSONAL | |
| Nombre de persona | Bertello, L.F. |
| 9 (RLIN) | 67316 |
| 700 ## - ENTRADA AGREGADA--NOMBRE PERSONAL | |
| Nombre de persona | Fuentes i Arderiu, Xavier |
| 9 (RLIN) | 61673 |
| 901 ## - ELEMENTOS DE DATOS A LOCAL LDA (RLIN) | |
| c | <1996> |
| 902 ## - ELEMENTOS DE DATOS B LOCAL, LDB (RLIN) | |
| a | 980127 |
| 942 ## - ELEMENTOS DE ENTRADA SECUNDARIOS (KOHA) | |
| Tipo de ítem Koha | Monografia |
| Suprimir en OPAC | No |
| Estatus retirado | Estado de pérdida | Estado de daño | No para préstamo | Biblioteca de origen | Biblioteca actual | Fecha de adquisición | Total de préstamos | Signatura topográfica completa | Código de barras | Visto por última vez | Precio de reemplazo | Tipo de ítem Koha |
|---|---|---|---|---|---|---|---|---|---|---|---|---|
| TERMCAT | TERMCAT | 27/01/1998 | EU 1 | 05202 | 30/09/2021 | 30/09/2021 | MO |